| 000 | 00923nac a22002531u 4500 | ||
|---|---|---|---|
| 020 | _a0745633366 | ||
| 082 |
_a355.020905 _bMUN |
||
| 090 |
_c8824 _d8824 |
||
| 100 | _aMunkler, Herfried | ||
| 245 |
_aThe new wars / _c Herfried Munkler ; translated by Patrick Camiller. |
||
| 260 |
_aOxford : _bPolity, 2005. _c2005 |
||
| 300 |
_aviii, 180 p. : _b ill., ports. ; _c 23 cm. |
||
| 500 | _a Includes bibliographical references and index. | ||
| 500 | _aTranslated from the German. | ||
| 500 | _adistributer: Baccah | ||
| 511 | _acatalogued by: wessam | ||
| 650 |
_aWar _x History _y 21st century |
||
| 650 | _a International relations. | ||
| 650 | _aTerrorism. | ||
| 650 |
_aWorld politics _y 21st century. |
||
| 650 | _aWar on Terrorism, 2001- | ||
| 942 |
_cBB _k355.020905MUN |
||
| 999 |
_c8824 _d8824 |
||